000 00729nam a2200229 a 4500
005 20240924065304.0
008 991125s1971 ea 000 0 eng u
020 _a0826302092
035 _aUPN01000000264
049 _aCG
050 4 _aLB2331
_bF3.2
100 1 _aFashing, Joseph
245 1 0 _aAcademics in retreat :
_bthe politics of educational innovation /
_cby Joseph Fashing and Steven E. Deutsch.
260 _aAlburquerque, E.U.A. :
_bUniversity of New México,
_c1971.
300 _a325 p.
650 4 _aInnovaciones educativas
_9386
650 7 _aEducación superior
_zEstados Unidos
_2
_915203
650 4 _aEducación y Estado
_919
700 1 _aDeutsch, Steven E.,
_ecoaut.
905 _aLibro
999 _c264
_d264